Còmica vida / Joan Lluís Bozzo
ISBN:
978-84-92839-36-0
Descripción Física:
98 p. ; 16 cm
Colección:
Textos a part. Teatre contemporani ; 71
MARC
| LEADER | 00000nam a2200000Ia 4500 | ||
|---|---|---|---|
| 001 | 22861 | ||
| 008 | 160829s2010 xx 000 0 cat d | ||
| 020 | |a 978-84-92839-36-0 | ||
| 080 | |a L-2-117 | ||
| 100 | |a Bozzo, Joan-Lluís |9 46303 | ||
| 245 | |a Còmica vida / Joan Lluís Bozzo | ||
| 260 | |a Tarragona : |b Arola, |c 2010 | ||
| 300 | |a 98 p. ; |c 16 cm | ||
| 490 | |a Textos a part. Teatre contemporani ; 71 | ||
| 901 | |a Arxiu | ||
| 942 | |n 1 | ||
| 952 | |0 0 |1 0 |4 0 |6 L2117 |7 1 |9 53143 |a Arxiu |b Arxiu |d 2016-12-01 |l 0 |o L-2-117 |p 22861 |r 2016-12-01 00:00:00 |w 2016-12-01 |y ARXIU | ||
| 999 | |c 56992 |d 56992 | ||